000
00248as aa2200097a 44500
090
_a
SERIADAS
_b
01109
245
1
0
_a
GRAIN: Genetic Resources Action International
260
_b
The GAIA Foundation
_a
Gran Bretaña
041
0
_a
Inglés
942
_c
REVISTA
999
_c
16934
_d
16934